Coups & army rule in Africa : motivations & constraints / (Record no. 1869)

000 -LEADER
fixed length control field 01094cam a2200313 a 4500
001 - CONTROL NUMBER
control field 2928301
003 - CONTROL NUMBER IDENTIFIER
control field OSt
005 - DATE AND TIME OF LATEST TRANSACTION
control field 20150612100501.0
008 - FIXED-LENGTH DATA ELEMENTS--GENERAL INFORMATION
fixed length control field 891116s1990 ctub b 001 0 eng
010 ## - LIBRARY OF CONGRESS CONTROL NUMBER
LC control number 89049077
020 ## - INTERNATIONAL STANDARD BOOK NUMBER
International Standard Book Number 0300040431 (alk. paper)
020 ## - INTERNATIONAL STANDARD BOOK NUMBER
International Standard Book Number 0300040458 (pbk. : alk. paper)
040 ## - CATALOGING SOURCE
Original cataloging agency DLC
Transcribing agency DLC
Modifying agency DLC
043 ## - GEOGRAPHIC AREA CODE
Geographic area code f------
050 00 - LIBRARY OF CONGRESS CALL NUMBER
Classification number DT30.5.D39 1990
082 00 - DEWEY DECIMAL CLASSIFICATION NUMBER
Classification number 322/.5/096
Edition number 20
100 1# - MAIN ENTRY--PERSONAL NAME
Personal name Decalo, Samuel.
245 10 - TITLE STATEMENT
Title Coups & army rule in Africa : motivations & constraints /
Statement of responsibility, etc Samuel Decalo.
250 ## - EDITION STATEMENT
Edition statement 2nd ed.
260 ## - PUBLICATION, DISTRIBUTION, ETC. (IMPRINT)
Place of publication, distribution, etc New Haven :
Name of publisher, distributor, etc Yale University Press,
Date of publication, distribution, etc c1990.
300 ## - PHYSICAL DESCRIPTION
Extent xvii, 366 p. :
Other physical details maps ;
Dimensions 22 cm.
504 ## - BIBLIOGRAPHY, ETC. NOTE
Bibliography, etc Includes bibliographical references (p. 333-352) and index.
651 #0 - SUBJECT ADDED ENTRY--GEOGRAPHIC NAME
Geographic name Africa
General subdivision Politics and government
Chronological subdivision 1960-
651 #0 - SUBJECT ADDED ENTRY--GEOGRAPHIC NAME
Geographic name Africa
General subdivision Armed Forces
-- Political activity.
740 0# - ADDED ENTRY--UNCONTROLLED RELATED/ANALYTICAL TITLE
Uncontrolled related/analytical title Coups and army rule in Africa.
906 ## - LOCAL DATA ELEMENT F, LDF (RLIN)
a 7
b cbc
c orignew
d 1
e ocip
f 19
g y-gencatlg
942 ## - ADDED ENTRY ELEMENTS (KOHA)
Source of classification or shelving scheme
Koha item type Book
Holdings
Withdrawn status Lost status Source of classification or shelving scheme Damaged status Not for loan Home library Current library Shelving location Date acquired Total Checkouts Full call number Barcode Date last seen Date checked out Copy number Price effective from Koha item type
          Riara University Library Riara University Library General stack 12/06/2015 2 DT30.5.D39 1990 6378/15 05/09/2025 01/08/2025 C.1 12/06/2015 Book
          Riara University Library Riara University Library General stack 12/06/2015   DT30.5.D39 1990 6379/15 12/06/2015   C.2 12/06/2015 Book
          Riara University Library Riara University Library General stack 12/06/2015 1 DT30.5.D39 1990 6381/15 10/04/2026 24/03/2026 C.3 12/06/2015 Book

Riara University Library,
P.O. Box 49940-00100,
Nairobi, Kenya.